000 00599cam a2200205 4500500
005 20260405002540.0
041 _afre
042 _adc
100 1 0 _aPortevin, Catherine
_eauthor
245 0 0 _aRegarde-la bien en face
260 _c2017.
500 _a97
690 _aAndré Comte-Sponville
690 _aAngoisse
690 _aDeuil
690 _aFrançoise Dastur
690 _aMort
786 0 _nPhilosophie magazine | 114 | 11 | 2017-11-01 | p. 19-20 | 1951-1787
856 4 1 _uhttps://shs.cairn.info/magazine-philosophie-magazine-2017-11-page-19?lang=fr&redirect-ssocas=7080
999 _c2058769
_d2058769